000 01273cab a2200277 4500
001 ABS57251
008 090401t1997 xxu||||| |||| 00| 0 eng d
035 _a(Sirsi) u79754
041 _aeng
245 _aTrustee of the Property of Andrews v Brock Builders (Kessingland) Ltd
260 _c1997
350 _a0
490 _aWeekly Law Reports
_v[1997] 3 WLR 124-131(8)
520 _aCA 21 November 1996. B employed A on a building subcontract. Following a disagreement about delays, B terminated the agreement, refusing to make any payment on A`s claim for works completed and loss of profit. A later went bankrupt. The trustees (T) issued proceedings against B for the outstanding monies under the subcontract. T appealed against an earlier ruling allowing B`s application for an order under the Arbitration Act 1950 s4, staying all further proceedings. Appeal dismissed.
650 _aARBITRATION ACT 1950 S4
650 _aBANKRUPTCY
650 _aBREACH OF CONTRACT
650 _aDELAY
650 _aLOSS OF PROFIT
650 _aSTAY OF PROCEEDINGS
650 _aSUBCONTRACTS
650 _aTRUSTEE OF THE PROPERTY OF ANDREWS V BROCK BUILDERS (KESSINGLAND) LTD
690 _aBUILDING AND CONSTRUCTION-CASE LAW
942 _n0
948 _c21/07/1997
999 _c50173
_d50173